Pays qui possédaient Tbilissi à travers l'histoire - Statistiques

Statistiques générales
  • Ce quiz a été pris 43 fois
  • Le résultat moyen est 8 sur 13
Statistiques - réponses
Période Pays % Correct
1071 - 1122 Émirat de Géorgie
98%
1991 - Aujourd'hui Géorgie
98%
1918 - 1922 Republique Démocratique de Géorgie
98%
1403 - 1490 Royaume de Géorgie
98%
1122 - 1386 Royaume de Gérogie
98%
1922 - 1991 URSS
95%
1801 - 1918 Empire Russe
93%
1386 - 1403 Empire Mongole / Ilkhanat de Perse
60%
1918 République démocratique et fédérale de Transcaucasie
13%
1008 - 1040 Émirat de Tbilissi
10%
1040 - 1071 Empire Seldjoukides
10%
1762 - 1801 Royaume de Kartl-Kakhétie
10%
1490 - 1762 Royaume de Karthili
3%
Aucun quiz correspondant
Distribution des résultats
% des personnes avec chaque résultat
Percentile par nombre de réponses
Votre historique - résultats
Vous n’avez pas pris ce quiz